Геометрические параметры режущей кромки инструментов и сечения среза

Bibliographic Details
Main Author: Шевченко Н. А. Николай Андреевич
Language:Russian
Published: Москва, Машгиз, 1957
Subjects:
Format: Book
KOHA link:https://koha.lib.tpu.ru/cgi-bin/koha/opac-detail.pl?biblionumber=69033

MARC

LEADER 00000nam0a2200000 4500
001 69033
005 20231031075337.0
035 |a (RuTPU)RU\TPU\book\73521 
090 |a 69033 
100 |a 20041014d1957 km y0rusy50 ca 
101 0 |a rus 
102 |a RU 
105 |a a z 000zy 
200 1 |a Геометрические параметры режущей кромки инструментов и сечения среза  |f Н. А. Шевченко 
210 |a Москва  |c Машгиз  |d 1957 
215 |a 141 с.  |c ил. 
610 1 |a режущие инструменты 
610 1 |a износоустойчивость 
675 |a 621.96  |v 3 
700 1 |a Шевченко  |b Н. А.  |g Николай Андреевич 
801 1 |a RU  |b 63413507  |c 20041014  |g PSBO 
801 2 |a RU  |b 63413507  |c 20150911  |g PSBO 
942 |c BK